000 00705nam a2200205Ia 4500
003 OSt
005 20251008150815.0
008 210210b2006 xxu||||| |||| 00| 0 eng d
040 _cAL
041 _aKannada
082 _aK894.8 SUBP
100 _aSUBBANNA K V nenapina modala odu malike.
_9151900
_dಸುಬ್ಬಣ್ಣ ಕೆ ವಿ ನೆನಪಿನ ಮೊದಲ ಓದು ಮಾಲಿಕೆ.
245 _aP Lankesh avara ayda kathegalu.
_bಪಿ ಲಂಕೇಶ್ ಅವರ ಆಯ್ದ ಕಥೆಗಳು
260 _aHeggodu
_bAkshara Prakashana
_c2006
300 _a108
650 _aPi Lankesh
_9151901
690 _aKannada Collections
_9151902
906 _a061572
942 _2ddc
_cBK
999 _c108408
_d108408